| 000 | 00000nam##2200000za#4500 |
| 001 | 9.579322 |
| 003 | CaOODSP |
| 005 | 20210624190516 |
| 007 | cr ||||||||||| |
| 008 | 150406|2002||||xxc|||||o f|0| 0 eng|d |
| 022 | |a1488-5379 |
| 040 | |aCaOODSP|beng |
| 043 | |an-cn--- |
| 086 | 1 |aFs97-6/2377E-PDF |
| 110 | 1 |aCanada. |bDepartment of Fisheries and Oceans. |
| 245 | 10|aAdvances in understanding the gully ecosystem - A summary of research projects conducted at the Bedford Institute of Oceanography (1999-2001) / |h[electronic resource]|cby D.C. Cordon and D.G. Fenton (Editors) |
| 260 | |aDartmouth - Nova Scotia : |bFisheries and Oceans Canada |c2002. |
| 300 | |a87p.|bfigs. (some coloured), references |
| 490 | 1 |aCanadian technical report of fisheries and aquatic sciences|x1488-5379|vNo. 2377 |
| 500 | |aOn t.p.: Bedford Institute of Oceanography, Dartmouth, Nova Scotia. The catalogue number and ISSN for the print edition appear in the PDF version. |
| 546 | |a(Résumé en français) |
| 590 | |a14-06-Supp|b2014-03-21 |
| 720 | 1 |aFenton, D. G. |
| 720 | 1 |aGordon, D. C. |
| 830 | #0|aCanadian technical report of fisheries and aquatic sciences,|x1488-5379|vNo. 2377|w(CaOODSP)9.504449 |
| 856 | 40|ahttp://publications.gc.ca|qPDF|s44.44 MB|uhttps://publications.gc.ca/collections/collection_2014/mpo-dfo/Fs97-6-2377-eng.pdf|yNo. 2377 |